Najkrótsze nazwy Azjatyckich Państw - Statystyki

Ogólne statystyki
  • Ten quiz został rozwiązany 1 687 razy
    514 od ostatniego zresetowania
  • Średni wynik to 8 z 11
Statystyki odpowiedzi
Country % Poprawnych
Irak
86%
Iran
86%
Oman
82%
Laos
79%
Chiny
77%
Jemen
76%
Indie
75%
Katar
69%
Nepal
67%
Cypr
60%
Syria
60%
Nie znaleziono quizów pasujących do podanych kryteriów
Rozkład punktacji
Procent ludzi z każdym wynikiem
Percentyl według liczby udzielonych odpowiedzi
Twoja historia wyników
Nie rozwiązałeś tego quizu od ostatniego zresetowania